[Event "Tournament 01"]
[Site "www.echecsemail.com"]
[Date "2020.04.09"]
[Round "1"]
[White "Koudelka"]
[Black "Fantomas"]
[WhiteElo "2140"]
[BlackElo "2120"]
[Result "1-0"]
[Round "1"]
1.e4 e5
2.Bf1c4 d6
3.Ng1f3 Bf8e7
4.d4 exd4
5.Nf3xd4 Be7f6
6.O-O Ng8e7
7.Nb1c3 O-O
8.Bc1e3 Nb8c6
9.f4 Nc6xd4
10.Be3xd4 Bf6xd4
11.Qd1xd4 Ne7c6
12.Qd4e3 Rf8e8
13.Qe3g3 Nc6a5
14.Bc4d3 c5
15.b3 a6
16.Ra1d1 b5
17.e5 d5
18.Nc3xd5 { resign }
1-0

[Event "Tourn. n10311"]
[Site "www.chess-mail.com"]
[Date "2020.04.09"]
[Round "1"]
[White "Coraza"]
[Black "Picifarkinca"]
[WhiteElo "1870"]
[BlackElo "1620"]
[Result "1-0"]
[Round "1"]
1.Ng1f3 d5
2.d4 Ng8f6
3.Bc1g5 Nf6e4
4.a4 Ne4xg5
5.Nf3xg5 e5
6.h4 e4
7.e3 Bf8e7
8.Ng5xf7 Kxf7
9.Qd1h5 g6
10.Qh5h6 Qd8f8
11.Qh6f4 Kg8
12.Qf4xc7 Be7d6
13.Qc7c3 Bd6b4
14.Kd1 Bb4xc3
15.Nb1xc3 Bc8e6
16.Ke2 a6
17.h5 Be6g4
18.Kd2 Qf8xf2
19.Bf1e2 Bg4xh5
20.Rh1g1 Bh5xe2
21.Nc3xe2 Kg7
22.Ra1f1 Qf2h4
23.Rg1h1 Qh4xh1
24.Rf1xh1 Nb8c6
25.Ne2c3 Ra8d8
26.Nc3e2 Rh8f8
27.Ne2f4 Rf8xf4
28.exf4 Nc6xd4
29.c3 Nd4b3
30.Kc2 Nb3c5
31.b3 Nc5d3
32.g3 h5
33.b4 Kf6
34.a5 { resign }
1-0

[Event "Tourn. n10317"]
[Site "www.chess-mail.com"]
[Date "2020.04.09"]
[Round "1"]
[White "Chessdna"]
[Black "Picifarkinca"]
[WhiteElo "1690"]
[BlackElo "1620"]
[Result "0-1"]
[Round "1"]
1.e4 c6
2.e5 e6
3.d4 d5
4.c4 Ng8e7
5.c5 b6
6.b4 Bc8a6
7.Bf1xa6 Nb8xa6
8.Qd1a4 Qd8c8
9.Ng1f3 bxc5
10.bxc5 Qc8b7
11.a3 Na6c7
12.Nb1c3 Qb7a6
13.Qa4xa6 Nc7xa6
14.Nf3h4 Ra8b8
15.O-O Ne7g6
16.Nh4xg6 hxg6
17.Bc1g5 { time. }
0-1

[Event "Match"]
[Site "www.echecsemail.com"]
[Date "2020.04.09"]
[Round "1"]
[White "Hundegana"]
[Black "Orae"]
[WhiteElo "1990"]
[BlackElo "1720"]
[Result "1-0"]
[Round "1"]
1.e4 e5
2.Ng1f3 Nb8c6
3.Bf1b5 Ng8f6
4.O-O Nc6d4
5.Nf3xd4 exd4
6.Rf1e1 c6
7.Bb5c4 Bf8e7
8.e5 Nf6g8
9.Qd1g4 g6
10.Qg4xd4 c5
11.Qd4d5 Ng8h6
12.d3 O-O
13.Bc1xh6 Qd8a5
14.Nb1c3 d6
15.exd6 Bc8e6
16.Re1xe6 fxe6
17.Qd5xe6 Kh8
18.Qe6xe7 Rf8g8
19.Qe7f6 { resign }
1-0

[Event "Tourn. n10281"]
[Site "www.chess-mail.com"]
[Date "2020.04.09"]
[Round "1"]
[White "Ket"]
[Black "Zeks44"]
[WhiteElo "2100"]
[BlackElo "1300"]
[Result "1-0"]
[Round "1"]
1.e4 e5
2.f4 Ng8f6
3.Nb1c3 Bf8b4
4.d3 Nb8c6
5.Ng1f3 d6
6.Bf1e2 Nc6d4
7.O-O O-O
8.Bc1e3 Nd4xf3
9.Be2xf3 d5
10.exd5 Bb4xc3
11.bxc3 exf4
12.Be3xf4 Nf6xd5
13.Bf4d2 h6
14.Ra1b1 Ra8b8
15.c4 Nd5f6
16.Bd2c3 c6
17.Bf3xc6 Nf6g4
18.Qd1f3 Qd8d6
19.Qf3f4 Qd6xf4
20.Rf1xf4 Ng4e3
21.Bc3e5 Rb8a8
22.Bc6xb7 Bc8xb7
23.Rb1xb7 Rf8e8
24.Be5d6 f6
25.c3 Ra8d8
26.c5 Ne3d1
27.c4 Re8e1
28.Rf4f1 Rd8e8
29.c6 Re8e2
30.c7 Nd1e3
31.c8Q Kh7
32.Rf1xe1 { resign }
1-0

[Event "1/16 Finale"]
[Site "www.chess-mail.com"]
[Date "2020.04.09"]
[Round "1"]
[White "Sorim"]
[Black "Szustan"]
[WhiteElo "2240"]
[BlackElo "2690"]
[Result "0-1"]
[Round "1"]
1.d4 d5
2.Ng1f3 Ng8f6
3.Bc1g5 c5
4.e3 cxd4
5.exd4 h6
6.Bg5h4 Nb8c6
7.Bf1e2 Nf6e4
8.O-O g5
9.Bh4g3 h5
10.h3 g4
11.Nf3e5 gxh3
12.Be2xh5 Nc6xe5
13.Bg3xe5 hxg2
14.Be5xh8 gxf1Q
15.Kxf1 Bc8h3
16.Ke1 e6
17.Nb1d2 Qd8g5
18.Nd2xe4 dxe4
19.Bh8e5 Ra8c8
20.c3 Bf8h6
{ resign }
0-1

[Event "1/8 Finale"]
[Site "www.chess-mail.com"]
[Date "2020.04.09"]
[Round "1"]
[White "Szustan"]
[Black "D4minance"]
[WhiteElo "2690"]
[BlackElo "2900"]
[Result "1/2-1/2"]
[Round "1"]
1.e4 c5
2.c3 d5
3.exd5 Qd8xd5
4.d4 g6
5.Ng1f3 Bf8g7
6.Bc1e3 cxd4
7.cxd4 Qd5a5
8.Nb1c3 Ng8h6
9.Bf1d3 Nh6f5
10.O-O Nf5xe3
11.fxe3 O-O
12.Qd1e2 Nb8c6
13.Ra1c1 Bc8e6
14.Bd3e4 Be6d7
15.Qe2f2 Ra8c8
16.a3 e5
17.d5 Nc6e7
18.d6 Ne7f5
19.Rc1d1 Qa5c5
20.Nc3d5 Qc5xd6
21.h3 Rc8e8
22.Nf3g5 f6
23.Ng5xh7 Kxh7
24.g4 Nf5e7
25.Nd5f4 Qd6c7
26.Nf4xg6 Kg8
27.Ng6xf8 Re8xf8
28.Qf2h4 Rf8f7
29.Be4b1 Bd7e6
30.Bb1e4 Be6b3
31.Rd1d2 Bg7f8
32.Rd2f2 Qc7c4
33.Be4xb7 Bf8g7
34.Bb7g2 Qc4d3
35.Rf1e1 Bb3d5
36.Kh2 e4
37.Kh1 { draw }
1/2-1/2

[Event "Tourn. n10325"]
[Site "www.chess-mail.com"]
[Date "2020.04.09"]
[Round "1"]
[White "Szustan"]
[Black "Asoka"]
[WhiteElo "2690"]
[BlackElo "2730"]
[Result "1/2-1/2"]
[Round "1"]
1.e4 c5
2.c3 d5
3.exd5 Qd8xd5
4.Ng1f3 Ng8f6
5.d4 cxd4
6.cxd4 e6
7.Bc1e3 Bf8b4
8.Nb1c3 Qd5a5
9.Qd1b3 b6
10.Nf3e5 O-O
11.Ne5c4 Bb4xc3
12.bxc3 Qa5d5
13.Nc4e5 Bc8b7
14.c4 Qd5d6
15.Bf1d3 Nb8d7
16.Ne5xd7 Nf6xd7
17.O-O e5
18.d5 f5
19.f3 Nd7c5
20.Be3xc5 Qd6xc5
21.Kh1 Ra8e8
22.Rf1e1 Bb7c8
23.Ra1c1 Rf8f7
24.Re1e2 Bc8d7
25.Rc1e1 Rf7e7
26.h3 g6
27.Qb3b2 Qc5d6
28.a3 Kf7
29.Qb2b4 Qd6c5
30.Qb4xc5 bxc5
31.Kg1 Re8b8
32.Re2xe5 Re7xe5
33.Re1xe5 Kf6
34.f4 Rb8b3
35.Bd3e2 Rb3xa3
36.d6 h6
37.Kf2 Ra3a5
38.Be2f3 Ra5a2
39.Ke3 Ra2a3
40.Kd2 Ra3a6
41.Re5xc5 Ra6xd6
42.Kc3 Rd6a6
43.Bf3d5 { draw }
1/2-1/2

[Event "Tourn. n10320"]
[Site "www.chess-mail.com"]
[Date "2020.04.10"]
[Round "1"]
[White "Jazzy"]
[Black "Ll69"]
[WhiteElo "2250"]
[BlackElo "2450"]
[Result "0-1"]
[Round "1"]
1.Ng1f3 d5
2.d4 Ng8f6
3.c4 c6
4.Nb1c3 e6
5.Bc1g5 h6
6.Bg5h4 dxc4
7.e4 g5
8.Bh4g3 b5
9.a4 b4
10.e5 bxc3
11.exf6 cxb2
12.Ra1b1 Bf8b4
13.Ke2 c3
14.Qd1b3 a5
15.Ke3 Nb8d7
16.Nf3e5 Nd7xf6
17.Ne5xc6 Nf6d5
{ resign }
0-1

[Event "Tourn. n10324"]
[Site "www.chess-mail.com"]
[Date "2020.04.10"]
[Round "1"]
[White "Osopanda"]
[Black "Picifarkinca"]
[WhiteElo "1840"]
[BlackElo "1630"]
[Result "1-0"]
[Round "1"]
1.e4 c6
2.Ng1f3 d5
3.d3 dxe4
4.dxe4 Qd8xd1
5.Kxd1 Bc8g4
6.Bf1e2 Nb8d7
7.Bc1f4 Ng8f6
8.Nb1c3 e6
9.h3 Bg4h5
10.g4 Bh5g6
11.e5 Nf6d5
12.Nc3xd5 cxd5
13.Nf3d4 a6
14.Bf4g3 Bf8c5
15.c3 O-O-O
16.f4 Bg6e4
17.Rh1h2 { resign }
1-0

[Event "Tourn. n10330"]
[Site "www.chess-mail.com"]
[Date "2020.04.10"]
[Round "1"]
[White "Picifarkinca"]
[Black "Fabos12"]
[WhiteElo "1630"]
[BlackElo "1780"]
[Result "0-1"]
[Round "1"]
1.Ng1f3 e6
2.c4 Nb8c6
3.e4 Ng8e7
4.d4 b6
5.Nb1c3 Bc8b7
6.Bf1e2 d5
7.O-O g6
{ resign }
0-1

[Event "Tourn. n10342"]
[Site "www.chess-mail.com"]
[Date "2020.04.10"]
[Round "1"]
[White "Picifarkinca"]
[Black "Osopanda"]
[WhiteElo "1680"]
[BlackElo "1860"]
[Result "0-1"]
[Round "1"]
1.d4 d5
2.c4 c6
3.Ng1f3 Ng8f6
4.Nb1c3 g6
5.cxd5 cxd5
6.Bc1f4 Bf8g7
7.e3 Nb8c6
8.Bf1b5 O-O
{ resign }
0-1

[Event "Tourn. n10328"]
[Site "www.chess-mail.com"]
[Date "2020.04.10"]
[Round "1"]
[White "Anemoa"]
[Black "Jerome"]
[WhiteElo "2619"]
[BlackElo "2880"]
[Result "0-1"]
[Round "1"]
1.e3 Ng8f6
2.Bf1e2 g6
3.d4 Bf8g7
4.c4 O-O
5.Nb1c3 d5
6.cxd5 Nf6xd5
7.Ng1f3 c5
 { time }
0-1

[Event "Tourn. n10320"]
[Site "www.chess-mail.com"]
[Date "2020.04.10"]
[Round "1"]
[White "Piekki"]
[Black "Jazzy"]
[WhiteElo "2320"]
[BlackElo "2280"]
[Result "1/2-1/2"]
[Round "1"]
1.e4 e5
2.Ng1f3 Nb8c6
3.Bf1b5 Ng8f6
4.d3 d6
5.h3 Bc8d7
6.Nb1c3 Bf8e7
7.O-O O-O
8.a3 Qd8c8
9.Kh2 h6
10.Nc3e2 Nf6h7
11.Ne2g3 f5
12.d4 Nc6xd4
13.Bb5xd7 Nd4xf3
14.gxf3 Qc8xd7
15.Ng3xf5 Kh8
16.Rf1g1 Rf8xf5
17.exf5 Qd7xf5
18.Qd1d3 Qf5xd3
19.cxd3 Nh7g5
20.Bc1xg5 Be7xg5
21.Rg1g4 Ra8f8
22.h4 Bg5f4
23.Kg2 Kh7
24.h5 Rf8f5
25.Ra1h1 Bf4g5
26.Rh1h3 Kg8
27.Rh3g3 a6
28.a4 b6
29.b3 Kf8
30.Kf1 a5
{ draw }
1/2-1/2

[Event "Tourn. n10281"]
[Site "www.chess-mail.com"]
[Date "2020.04.10"]
[Round "1"]
[White "Alphacygni"]
[Black "Ket"]
[WhiteElo "1499"]
[BlackElo "2190"]
[Result "1-0"]
[Round "1"]
1.d4 Ng8f6
2.Bc1g5 e6
3.e4 Bf8e7
4.Nb1c3 d5
5.e5 Nf6d7
6.h4 Be7xg5
7.hxg5 Qd8xg5
8.Qd1d3 h6
9.Ng1h3 Qg5e7
10.Nh3f4 c5
11.Nc3b5 O-O
12.Nb5c7 Nd7xe5
13.dxe5 Qe7xc7
14.O-O-O Qc7xe5
15.Qd3g3 Qe5g5
16.Rd1d3 e5
17.Qg3xg5 hxg5
18.Nf4xd5 Nb8c6
19.Rd3c3 Nc6b4
20.Nd5e7 { resign }
1-0

[Event "Match"]
[Site "www.echecsemail.com"]
[Date "2020.04.10"]
[Round "1"]
[White "Coraza"]
[Black "Estonia"]
[WhiteElo "1920"]
[BlackElo "1920"]
[Result "1-0"]
[Round "1"]
1.Ng1f3 Ng8f6
2.Nb1c3 c5
3.e4 Nb8c6
4.Bf1c4 e6
5.O-O Bf8e7
6.Bc4b5 O-O
7.Bb5xc6 bxc6
8.Rf1e1 d5
9.e5 Nf6d7
10.d4 cxd4
11.Nf3xd4 Bc8b7
12.a3 c5
13.Nd4b3 Be7g5
14.Bc1e3 Bg5xe3
15.fxe3 Nd7xe5
16.Nb3xc5 Qd8e7
17.Qd1d4 Ne5g6
18.e4 dxe4
19.b4 Rf8d8
20.Qd4e3 f5
21.Qe3e2 Ng6f4
22.Qe2e3 Nf4d5
23.Nc3xd5 exd5
24.Ra1d1 Qe7f6
25.Nc5xb7 Rd8c8
26.Nb7c5 a5
27.Nc5d7 Qf6c6
28.Nd7c5 axb4
29.axb4 Ra8a2
30.Qe3b3 Rc8a8
31.Rd1xd5 Kh8
32.Re1d1 h6
33.Rd5d6 Qc6e8
34.Qb3d5 Qe8h5
35.Rd6d8 Ra8xd8
36.Qd5xd8 { resign }
1-0

[Event "Tourn. n10238"]
[Site "www.chess-mail.com"]
[Date "2020.04.10"]
[Round "1"]
[White "Jaroslavpech"]
[Black "Jerome"]
[WhiteElo "2800"]
[BlackElo "2790"]
[Result "1-0"]
[Round "1"]
1.c4 Ng8f6
2.Nb1c3 g6
3.Ng1f3 Bf8g7
4.d4 d5
5.cxd5 Nf6xd5
6.e4 Nd5xc3
7.bxc3 c5
8.Bc1e3 Qd8a5
9.Qd1d2 O-O
10.Ra1c1 Nb8d7
11.d5 Nd7f6
12.c4 Qa5xd2
13.Nf3xd2 b6
14.Bf1e2 e6
15.O-O exd5
16.cxd5 Rf8e8
17.Be2d3 Nf6g4
18.Be3f4 Ng4e5
19.Bd3e2 Bc8d7
20.Bf4g3 g5
21.Rf1e1 h5
22.f3 f5
23.exf5 h4
24.Bg3f2 Bd7xf5
25.Nd2e4 Ne5f7
26.Be2b5 Re8e5
27.Bb5c6 Ra8c8
28.Rc1d1 Bf5xe4
29.Re1xe4 Re5xe4
30.fxe4 Rc8c7
31.g3 h3
32.Bc6b5 Bg7e5
33.Bb5f1 c4
34.Bf1xh3 c3
35.Bf2e3 c2
36.Rd1f1 Nf7d6
37.Be3xg5 b5
38.Bg5h6 Kh7
39.Bh6c1 Kg7
40.Rf1f3 b4
41.Kf1 a5
42.a3 Rc7c4
43.Ke2  { time }
1-0

[Event "Tourn. n10311"]
[Site "www.chess-mail.com"]
[Date "2020.04.10"]
[Round "1"]
[White "Coraza"]
[Black "Cal"]
[WhiteElo "1840"]
[BlackElo "1730"]
[Result "1-0"]
[Round "1"]
1.Ng1f3 d5
2.d4 h6
3.Nb1c3 e6
4.e3 a6
5.Bf1d3 Ng8f6
6.h3 Nb8c6
7.O-O Bf8b4
8.Nc3e2 b5
9.c3 Bc8b7
10.cxb4 Nc6xb4
11.a3 O-O
12.axb4 Qd8d6
13.Bc1d2 c6
14.Ne2f4 Ra8e8
15.Rf1e1 e5
16.dxe5 Re8xe5
17.Nf3xe5 Qd6xe5
18.Bd2c3 Qe5g5
19.Kh1 h5
20.Bc3xf6 Qg5xf6
21.Qd1xh5 Qf6h6
22.Qh5xh6 gxh6
23.Nf4h5 f5
24.f4 Kh7
25.Nh5g3 Bb7c8
26.Ra1c1 Rf8f6
27.Ng3h5 Rf6g6
28.Kh2 Bc8e6
29.Rc1xc6 Kg8
30.Rc6xa6 Kf7
31.Bd3xb5 d4
32.exd4 Be6d5
33.g3 Rg6xa6
34.Bb5xa6 Kg6
35.g4 fxg4
36.hxg4 Bd5f3
37.Re1e6 Kf7
38.Re6f6 Ke7
39.Rf6xh6 Bf3xg4
40.Nh5g3 Bg4f3
41.Ng3f5 Kd7
42.Rh6d6 Kc7
43.b5 Bf3e2
44.b6 { resign }
1-0

[Event "Tourn. n10319"]
[Site "www.chess-mail.com"]
[Date "2020.04.10"]
[Round "1"]
[White "Karclop"]
[Black "Picifarkinca"]
[WhiteElo "2249"]
[BlackElo "1630"]
[Result "1-0"]
[Round "1"]
1.e4 c6
2.d4 d5
3.Nb1d2 dxe4
4.Nd2xe4 Nb8d7
5.Ng1f3 Ng8f6
6.Ne4g3 e6
7.Bf1d3 Bf8d6
8.O-O O-O
9.Rf1e1 Qd8c7
10.c3 Rf8e8
11.Qd1c2 { resign }
1-0

[Event "Tourn. n10319"]
[Site "www.chess-mail.com"]
[Date "2020.04.10"]
[Round "1"]
[White "Picifarkinca"]
[Black "Jjmcbride"]
[WhiteElo "1630"]
[BlackElo "1600"]
[Result "0-1"]
[Round "1"]
1.e4 e5
2.Ng1f3 Qd8e7
3.Bf1c4 c6
4.Nb1c3 h6
5.O-O b5
6.Bc4e2 Qe7d6
7.d4 exd4
{ resign }
0-1

[Event "Tourn. n10337"]
[Site "www.chess-mail.com"]
[Date "2020.04.10"]
[Round "1"]
[White "Alphacygni"]
[Black "Picifarkinca"]
[WhiteElo "1499"]
[BlackElo "1680"]
[Result "1-0"]
[Round "1"]
1.d4 d5
2.Bc1f4 c6
3.c3 e6
4.e3 Bf8d6
5.Bf4xd6 Qd8xd6
6.f4 Ng8e7
7.Bf1d3 c5
8.Nb1d2 Nb8c6
9.Ng1f3 f6
10.O-O cxd4
11.cxd4 Bc8d7
12.Ra1c1 O-O
13.Nf3h4 e5
14.dxe5 { resign }
1-0

[Event "Tourn. n10325"]
[Site "www.chess-mail.com"]
[Date "2020.04.10"]
[Round "1"]
[White "Aperturaf"]
[Black "Szustan"]
[WhiteElo "2740"]
[BlackElo "2690"]
[Result "1/2-1/2"]
[Round "1"]
1.e4 e5
2.Ng1f3 Nb8c6
3.Bf1b5 a6
4.Bb5xc6 dxc6
5.O-O f6
6.d4 exd4
7.Nf3xd4 c5
8.Nd4e2 Qd8xd1
9.Rf1xd1 Bc8d7
10.Bc1e3 O-O-O
11.Nb1c3 Bf8d6
12.Be3f4 Bd6xf4
13.Ne2xf4 Ng8e7
14.Nf4h5 Bd7g4
15.Rd1xd8 Rh8xd8
16.Nh5xg7 Rd8g8
17.f3 Bg4xf3
18.gxf3 Rg8xg7
{ draw }
1/2-1/2

[Event "Tourn. n10321"]
[Site "www.chess-mail.com"]
[Date "2020.04.10"]
[Round "1"]
[White "Koudelka"]
[Black "Estonia"]
[WhiteElo "2070"]
[BlackElo "1930"]
[Result "1-0"]
[Round "1"]
1.e4 e5
2.Ng1f3 Nb8c6
3.Bf1c4 Ng8f6
4.Nf3g5 d5
5.exd5 Nc6a5
6.Bc4b5 c6
7.dxc6 bxc6
8.Qd1f3 Bc8d7
9.Bb5d3 h6
10.Ng5e4 Bf8e7
11.O-O O-O
12.Ne4xf6 Be7xf6
13.Nb1c3 Na5b7
14.b3 Nb7d6
15.Bc1a3 Bf6e7
16.Ba3c5 Nd6b7
17.Bc5e3 f5
18.Qf3g3 Bd7e6
19.Qg3xe5 Qd8d7
20.Qe5g3 Be7d6
21.f4 Bd6c5
22.Ra1e1 Bc5xe3
23.Re1xe3 Nb7c5
24.Rf1e1 Nc5xd3
25.Re3xd3 Qd7f7
26.Rd3d6 Rf8e8
27.Re1e5 Ra8d8
28.Re5xe6 Rd8xd6
29.Re6xd6 Re8e6
30.Rd6xe6 Qf7xe6
31.Kf2 Qe6d7
32.Qg3e3 a5
33.d4 Qd7d8
34.Qe3e6 Kh8
35.Nc3e2 Qd8h4
36.Ke3 Qh4xh2
37.Qe6c8 Kh7
38.Qc8xf5 Kg8
39.Qf5c8 Kh7
40.Qc8xc6 Qh2h5
41.d5 Qh5f7
42.d6 Qf7e6
43.Qc6e4 Qe6xe4
44.Kxe4 { resign }
1-0

[Event "Tourn. n10309"]
[Site "www.chess-mail.com"]
[Date "2020.04.10"]
[Round "1"]
[White "Francesco"]
[Black "Bigrezi"]
[WhiteElo "2040"]
[BlackElo "2200"]
[Result "0-1"]
[Round "1"]
1.e4 c5
2.c3 Nb8c6
3.d4 cxd4
4.cxd4 d6
5.Nb1c3 g6
6.Bc1g5 Bf8g7
7.Ng1f3 Ng8f6
8.Bf1e2 O-O
9.O-O a6
10.a3 b5
11.b4 Bc8b7
12.Ra1c1 Ra8c8
13.h3 Qd8e8
14.Qd1d2 e5
15.d5 Nc6e7
16.Rf1e1 Qe8d7
17.Bg5h6 Rc8c7
18.Qd2e3 Rf8c8
19.g4 Qd7e8
20.Nf3h4 Qe8f8
21.Bh6xg7 Qf8xg7
22.Re1f1 h6
23.f4 exf4
24.Qe3d3 g5
25.Nh4f5 Ne7xf5
26.gxf5 Nf6d7
27.Nc3a2 Nd7e5
28.Qd3d2 Ne5c4
29.Qd2d3 Nc4e3
30.Rc1xc7 Rc8xc7
31.Rf1c1 Rc7xc1
32.Na2xc1 Qg7b2
33.Nc1b3 Qb2xa3
34.Kf2 f6
35.Nb3d4 Qa3xb4
36.Nd4e6 Qb4c4
37.Ne6d8 Bb7a8
38.Nd8e6 Qc4xd3
39.Be2xd3 Ne3c4
{ resign }
0-1

[Event "Match"]
[Site "www.echecsemail.com"]
[Date "2020.04.10"]
[Round "1"]
[White "Ket"]
[Black "Scasan55"]
[WhiteElo "1970"]
[BlackElo "2040"]
[Result "1-0"]
[Round "1"]
1.e4 c5
2.Ng1f3 d6
3.d4 cxd4
4.Nf3xd4 Ng8f6
5.Nb1c3 a6
6.Bc1e3 Nb8c6
7.f3 Qd8c7
8.Qd1d2 e6
9.O-O-O Bf8e7
10.Kb1 O-O
11.g4 b5
12.h4 b4
13.Nc3e2 a5
14.h5 Nc6e5
15.Ne2g3 Ne5c4
16.Bf1xc4 Qc7xc4
17.g5 Nf6e8
18.g6 e5
19.b3 Qc4a6
20.Nd4f5 Bc8xf5
21.Ng3xf5 Qa6b7
22.h6 fxg6
23.hxg7 Ne8xg7
24.Nf5xg7 Kxg7
25.Be3h6 Kg8
26.Bh6xf8 Ra8xf8
27.Rd1g1 Qb7b5
28.Qd2h6 Rf8f7
29.Rg1xg6 { resign }
1-0

[Event "Match"]
[Site "www.echecsemail.com"]
[Date "2020.04.10"]
[Round "1"]
[White "Dussek"]
[Black "Ket"]
[WhiteElo "1920"]
[BlackElo "999"]
[Result "0-1"]
[Round "1"]
1.e4 c5
2.Ng1f3 Nb8c6
3.d4 cxd4
4.Nf3xd4 Ng8f6
5.Nb1c3 e6
6.Bc1g5 Bf8e7
7.Qd1d3 Nc6e5
8.Qd3g3 O-O
9.Bg5h6 Ne5g6
10.Bh6g5 Qd8b6
11.Nd4b3 Qb6b4
12.Bf1d3 b6
13.O-O Bc8b7
14.a3 Qb4d6
15.f4 Qd6c7
16.e5 Nf6d5
17.Nc3xd5 Bb7xd5
18.Bg5xe7 Ng6xe7
19.Qg3h4 Ne7g6
20.Qh4h3 Ra8c8
21.Ra1c1 Bd5xb3
22.cxb3 Qc7xc1
23.Rf1xc1 Rc8xc1
24.Kf2 h6
25.Qh3e3 Rc1c5
26.b4 Rc5c7
27.g3 Ng6e7
28.Qe3e4 Ne7g6
29.h4 f5
30.exf6 Rf8xf6
31.h5 d5
32.Qe4e3 Ng6e7
33.Qe3e5 Rc7c8
34.Ke3 Ne7c6
35.Qe5d6 d4
36.Ke2 e5
37.Bd3c4 Kh8
38.Qd6d7 Rc8f8
39.Qd7g4 e4
40.Qg4d7 d3
41.Ke3 Rf8d8
42.Qd7g4 d2
43.Bc4b3 Rd8d3
44.Ke2 Nc6d4
45.Kd1 Nd4xb3
46.Qg4c8 Kh7
47.Qc8c4 Rd3e3
{ resign }
0-1

[Event "Match"]
[Site "www.echecsemail.com"]
[Date "2020.04.10"]
[Round "1"]
[White "Mb20"]
[Black "Roma753"]
[WhiteElo "2100"]
[BlackElo "2120"]
[Result "0-1"]
[Round "1"]
1.d4 f5
2.g3 Ng8f6
3.Bf1g2 e6
4.Ng1f3 Bf8e7
5.O-O O-O
6.c4 d6
7.Nb1c3 Nf6e4
8.Qd1c2 Ne4xc3
9.Qc2xc3 Be7f6
10.Qc3c2 Nb8c6
11.Rf1d1 Qd8e8
12.Nf3g5 Nc6xd4
13.Qc2d3 h6
14.Ng5f3 Nd4xf3
15.Bg2xf3 e5
16.Qd3c2 e4
17.Bf3g2 Bc8e6
18.Ra1b1 Be6f7
19.b3 Ra8d8
 { time }
0-1

[Event "Tourn. n10306"]
[Site "www.chess-mail.com"]
[Date "2020.04.11"]
[Round "1"]
[White "Fabos12"]
[Black "Madz123456"]
[WhiteElo "1620"]
[BlackElo "1820"]
[Result "0-1"]
[Round "1"]
1.d4 Ng8f6
2.c4 e6
3.Ng1f3 Bf8e7
4.Nb1c3 d5
5.Bc1f4 O-O
6.Qd1c2 dxc4
7.e4 Nb8c6
8.O-O-O b5
9.Nc3xb5 Nc6b4
10.Qc2xc4 Nf6xe4
11.Bf4g3 Bc8a6
12.Qc4b3 Ra8b8
13.Qb3a4 Ba6xb5
14.Bf1xb5 Qd8d5
15.Bb5d3 Nb4xa2
16.Kc2 Rb8b4
{ resign }
0-1

[Event "Match"]
[Site "www.echecsemail.com"]
[Date "2020.04.11"]
[Round "1"]
[White "Cal"]
[Black "Ll130869"]
[WhiteElo "1670"]
[BlackElo "999"]
[Result "0-1"]
[Round "1"]
1.d4 e6
2.a3 c5
3.c3 Ng8f6
4.Bc1g5 cxd4
5.cxd4 d5
6.Nb1c3 Bf8e7
7.h3 O-O
8.Ng1f3 h6
9.Bg5h4 Qd8b6
10.e3 Bc8d7
11.Bf1d3 Qb6xb2
12.Bh4xf6 Qb2xc3
13.Nf3d2 Be7xf6
14.O-O Nb8c6
15.Bd3b5 a6
16.Bb5xc6 Bd7xc6
17.Nd2f3 Ra8c8
18.a4 b5
19.axb5 Bc6xb5
20.Rf1e1 Qc3c2
21.Qd1xc2 Rc8xc2
22.h4 Rf8a8
23.Nf3h2 a5
24.h5 a4
25.Nh2f3 Bb5e2
26.Kh2 Be2xf3
27.gxf3 Rc2xf2
28.Kg3 Rf2c2
29.Ra1a3 Bf6e7
30.e4 Be7xa3
31.exd5 exd5
32.Re1e3 Ba3d6
33.f4 a3
34.Kg4 a2
35.f5 a1Q
36.f6 Qa1xd4
{ resign }
0-1

[Event "Tourn. n10327"]
[Site "www.chess-mail.com"]
[Date "2020.04.11"]
[Round "1"]
[White "Connecticcut"]
[Black "Madz123456"]
[WhiteElo "1940"]
[BlackElo "2020"]
[Result "0-1"]
[Round "1"]
1.e4 c5
2.Ng1f3 Nb8c6
3.Bf1c4 Ng8f6
4.O-O Nf6xe4
5.d3 Ne4f6
6.Nb1c3 d5
7.Bc4b5 Bc8d7
 { time }
0-1

[Event "Tourn. n10299"]
[Site "www.chess-mail.com"]
[Date "2020.04.11"]
[Round "1"]
[White "Jjmcbride"]
[Black "Ardhitama"]
[WhiteElo "1630"]
[BlackElo "1719"]
[Result "1-0"]
[Round "1"]
1.e4 e5
2.Ng1f3 d6
3.d4 exd4
4.Nf3xd4 Ng8f6
5.f3 c6
6.Bf1d3 Nb8d7
7.b4 Bf8e7
8.O-O Nd7e5
9.f4 Ne5xd3
10.Qd1xd3 O-O
11.Nb1d2 b5
12.Nd4xc6 Qd8b6
13.Nc6d4  { time }
1-0

[Event "Match"]
[Site "www.echecsemail.com"]
[Date "2020.04.11"]
[Round "1"]
[White "Apdash"]
[Black "Mb20"]
[WhiteElo "2220"]
[BlackElo "2100"]
[Result "1-0"]
[Round "1"]
1.e4 c5
2.Ng1f3 d6
3.d4 cxd4
4.Nf3xd4 Ng8f6
5.Nb1c3 a6
6.Bf1e2 e5
7.Nd4b3 Bf8e7
8.O-O O-O
9.f4 exf4
10.Bc1xf4 Bc8e6
11.Kh1 b5
12.Be2f3 Ra8a7
13.Qd1d4 Nb8c6
14.Qd4f2 h6
15.Bf4e3 Ra7d7
16.Ra1d1 Nf6e8
17.Be3b6 Qd8c8
18.Nc3d5  { time }
1-0

[Event "Tourn. n10329"]
[Site "www.chess-mail.com"]
[Date "2020.04.11"]
[Round "1"]
[White "Liencam2"]
[Black "Add"]
[WhiteElo "2230"]
[BlackElo "2100"]
[Result "1/2-1/2"]
[Round "1"]
1.e4 e5
2.Ng1f3 Nb8c6
3.d4 exd4
4.c3 d5
5.exd5 Qd8xd5
6.cxd4 Ng8f6
7.Nb1c3 Bf8b4
8.Bf1e2 Nf6e4
9.Bc1d2 Ne4xd2
10.Qd1xd2 Bb4xc3
11.bxc3 O-O
12.Ra1b1 a6
13.O-O Ra8b8
14.Qd2f4 Bc8f5
15.Rb1c1 Qd5xa2
16.Be2xa6 Qa2xa6
17.Qf4xf5 Qa6a5
18.Qf5f4 f6
19.Rf1d1 Nc6e7
20.c4 c6
21.d5 cxd5
22.cxd5 Ne7xd5
23.Qf4c4 Rf8d8
24.Rc1a1 b5
25.Qc4e4 Qa5c7
26.Rd1xd5 Rd8xd5
27.Qe4xd5 Kh8
28.h4 h6
29.Ra1b1 b4
30.Rb1b3 Rb8d8
31.Qd5e4 Rd8d1
32.Nf3e1 Qc7c1
33.Qe4e8 Kh7
34.Qe8e4 Kh8
35.Qe4e8 Kh7
36.Qe8e4 Kh8
37.Rb3e3 b3
38.Qe4e8 Kh7
39.Qe8e4 Kh8
40.Qe4e8 { draw }
1/2-1/2

[Event "Match"]
[Site "www.echecsemail.com"]
[Date "2020.04.11"]
[Round "1"]
[White "Coraza"]
[Black "Whitekknight"]
[WhiteElo "1920"]
[BlackElo "1880"]
[Result "0-1"]
[Round "1"]
1.Ng1f3 d5
2.e3 Nb8c6
3.Bf1b5 Ng8f6
4.Bb5xc6 bxc6
5.Nf3e5 Bc8b7
6.Nb1c3 e6
7.O-O Bf8d6
8.Ne5f3 O-O
9.Rf1e1 Rf8e8
10.e4 dxe4
11.Nf3g5 c5
12.d4 cxd4
13.Nc3xe4 Nf6xe4
14.Ng5xe4 Bb7xe4
15.Re1xe4 e5
16.Qd1f3 Re8e6
17.a4 Qd8f6
18.Re4e1 Qf6xf3
19.gxf3 Re6g6
20.Kh1 Rg6f6
21.Kg2 Rf6g6
22.Kh1 Ra8e8
23.Bc1d2 Re8e6
24.b4 f5
25.b5 Bd6c5
26.Bd2a5 Bc5d6
27.Ba5d2 e4
28.fxe4 fxe4
29.a5 Re6e5
30.Bd2f4 Re5f5
31.Bf4xd6 Rg6xd6
32.Re1xe4 Rf5xf2
33.Re4e8 Kf7
34.Ra1e1 Rd6d7
35.Kg1 Rf2xc2
36.Re8a8 Rc2b2
37.Re1f1 Kg6
38.Ra8xa7 Rb2xb5
39.Ra7a6 Kg5
40.Rf1a1 d3
41.Ra6a7 d2
42.Ra1d1 Rb5c5
43.Ra7b7 Rc5c1
44.Rb7b1 Rc1xb1
45.Rd1xb1 d1Q
46.Rb1xd1 Rd7xd1
47.Kg2 Rd1a1
{ resign }
0-1

[Event "Tourn. n10311"]
[Site "www.chess-mail.com"]
[Date "2020.04.11"]
[Round "1"]
[White "Passaroa25"]
[Black "Picifarkinca"]
[WhiteElo "1690"]
[BlackElo "1620"]
[Result "1-0"]
[Round "1"]
1.Ng1f3 c6
2.Nb1c3 d5
3.d4 Ng8f6
4.e3 Nb8d7
5.Bf1e2 g6
6.Bc1d2 Bf8g7
7.Qd1b1 O-O
8.O-O Qd8c7
9.h3 e5
10.Bd2e1 e4
11.Nf3d2 c5
12.f3 cxd4
13.exd4 Nd7b6
14.Nc3b5 Qc7e7
15.Nb5c3 e3
16.Nd2b3 Bc8e6
17.Qb1c1 Nb6c4
18.Be2xc4 dxc4
19.Nb3c5 Nf6d5
20.Qc1b1 Nd5f4
21.Be1g3 Bg7xd4
22.Bg3xf4 e2
23.Rf1f2 Qe7xc5
24.Bf4g3 Bd4xf2
25.Bg3xf2 Qc5c6
26.Nc3xe2 Ra8d8
27.Ne2d4 Rd8xd4
28.Bf2xd4 a5
29.c3 Be6f5
30.Qb1e1 Rf8e8
31.Qe1d2 { resign }
1-0

[Event "Tourn. n10330"]
[Site "www.chess-mail.com"]
[Date "2020.04.11"]
[Round "1"]
[White "Passaroa25"]
[Black "Picifarkinca"]
[WhiteElo "1750"]
[BlackElo "1680"]
[Result "1-0"]
[Round "1"]
1.Nb1c3 e5
2.e4 Ng8f6
3.f3 d5
4.Bf1d3 d4
5.Nc3e2 c5
6.Ne2g3 Nb8c6
7.Ng1e2 Bf8e7
8.a3 Bc8e6
9.c4 Qd8d7
10.O-O O-O
11.b3 a5
12.a4 { resign }
1-0